Trouve les paroles de City de Jain - Statistiques

Statistiques générales
  • Ce quiz a été pris 6 fois
  • Le résultat moyen est 152 sur 220
Statistiques - réponses
Hint Réponse % Correct
. are
100%
. But
100%
. city
100%
. I
100%
. my
100%
. My
100%
. no
100%
. of
100%
. you
100%
. about
67%
. corners
67%
. crying
67%
. every
67%
. eyes
67%
. | .. falling
67%
. i'm
67%
. | .. I'm
67%
. is
67%
. it
67%
. know
67%
. love
67%
. misery
67%
. not
67%
. oh
67%
. Oh
67%
. see
67%
. | .. that
67%
. the
67%
. when
67%
. yelling
67%
. Back
33%
. coming
33%
. down
33%
. everything
33%
. feeling
33%
. free
33%
.. goes
33%
. into
33%
. me
33%
. night
33%
. Now
33%
. oh oh
33%
. Oh oh
33%
. out
33%
. protect
33%
. sea
33%
. sun
33%
. with
33%
Aucun quiz correspondant
Distribution des résultats
% des personnes avec chaque résultat
Percentile par nombre de réponses
Votre historique - résultats
Vous n’avez pas pris ce quiz